Name Popular Disney World Rides Quiz Stats

 Plays Quiz not verified by Sporcle

Challenge
Share
Tweet
Embed
Score 0/14 Timer 03:00
0 Plays Today
% Correct
Tower of Terror
96.8%
Splash Mountain
93.9%
Space Mountain
93.1%
Haunted Mansion
92%
Test Track
91.5%
It's a Small World
90.1%
Soarin'
86.7%
% Correct
Expedition Everest
84.8%
Mission Space
82.7%
Rock 'n' Roller Coaster
76.1%
Big Thunder Mountain
73.7%
Pirates of the Carribean
48%
Summit Plummit
23.3%
Crush 'n' Gusher
17.1%

You're not logged in!

Compare scores with friends on all Sporcle quizzes.
OR
Log In

You Might Also Like...

Show Comments

Extras

Top Quizzes Today


Score Distribution

Your Account Isn't Verified!

In order to create a playlist on Sporcle, you need to verify the email address you used during registration. Go to your Sporcle Settings to finish the process.

Report this User

Report this user for behavior that violates our Community Guidelines.

Details: